Name the Taylor Swift song from the tour outfit - Statistics

General Stats
  • This quiz has been taken 106 times
  • The average score is 8 of 12
Answer Stats
Picture Answer % Correct
Speak Now | Fearless | I'm Yours | Hey, Soul Sister | Last Kiss | You Belong With Me | Dear John
97%
Enchanted | Long Live
95%
Love Story
88%
Midnight Rain | Vigilante Shit | Bejeweled | Mastermind
88%
State Of Grace | Holy Ground | Red
84%
Look What You Made Me Do | End Game
78%
Out Of The Woods
78%
Delicate | Shake It Off
77%
Sparks Fly | Mine | The Story Of Us
48%
I'm Only Me When I'm With You | Should've Said No
47%
How You Get The Girl
40%
Treacherous
22%
No matching quizzes found
Score Distribution
Percent of People with Each Score
Percentile by Number Answered
Your Score History
You have not taken this quiz